=LDR 00000nam 2200000 4500 =001 INLIS000000000002806 =005 20130612091127 =008 ***********************************Ind** =035 ##$$0010-061300000002806 =041 ##$$a Ind =082 ##$$a 651.7 =090 ##$$a 651.7, Sug s =100 ##$$a Sugiyanto, Bambang Tri =245 ##$$a Surat menyurat perusahaan, Bambang Tri Sugiyanto =260 ##$$a 1989 $b Semarang =300 ##$$a vi,46 hlm, 20 cm =650 ##$$a Korespondensi =850 ##$$a NBPNMAT